000 00721nam a2200205 i 4500
001 112442
003 ES-MaACL
005 20250729062626.0
007 t|
008 061121s1914 sp r ||||1| spa d
100 1 _aOrtega y Gasset, José,
_d1883-1955
_987503
245 1 0 _aVieja y nueva política /
_cconferencia dada por Don José Ortega Gasset en el Teatro de la Comedia el 23 de marzo de 1914.
260 _aMadrid :
_bRenacimiento,
_c1914.
300 _a70 p. ;
_c19 cm.
594 _aPrecede al tít.: Liga de Educación Política Española.
650 7 _aPolítica
_2embne
_9140345
651 4 _aEspaña-
_xHistoria-
_y1902-1931, Alfonso XIII
_98276
852 _aES-MaACL
_jT-1406-F-3
999 _c112442
_d112442